|
|
|
|
| LEADER |
00000cam a22000004a 4500 |
| 001 |
musev2_45967 |
| 003 |
MdBmJHUP |
| 005 |
20230905044815.0 |
| 006 |
m o d |
| 007 |
cr||||||||nn|n |
| 008 |
041203s2005 mnu o 00 0 eng d |
| 020 |
|
|
|a 9781506421179
|
| 020 |
|
|
|z 1506421172
|
| 020 |
|
|
|z 9780800660611
|
| 020 |
|
|
|z 0800660617
|
| 035 |
|
|
|a (OCoLC)966762474
|
| 040 |
|
|
|a MdBmJHUP
|c MdBmJHUP
|
| 245 |
0 |
0 |
|a Psalms 2 :
|b A Commentary on Psalms 51-100 /
|c translated and interpreted by Frank-Lothar Hossfeld and Erich Zenger ; edited by Klaus Baltzer ; English translation by Linda M. Maloney.
|
| 264 |
|
1 |
|a Minneapolis, MN :
|b Fortress Press,
|c 2005.
|
| 264 |
|
3 |
|a Baltimore, Md. :
|b Project MUSE,
|c 2017
|
| 264 |
|
4 |
|c ©2005.
|
| 300 |
|
|
|a 1 online resource (580 pages):
|b illustrations.
|
| 336 |
|
|
|a text
|b txt
|2 rdacontent
|
| 337 |
|
|
|a computer
|b c
|2 rdamedia
|
| 338 |
|
|
|a online resource
|b cr
|2 rdacarrier
|
| 490 |
0 |
|
|a Hermeneia--a critical and historical commentary on the Bible
|
| 500 |
|
|
|a Translation of: Psalmen 51-100. c2000.
|
| 505 |
0 |
|
|a General bibliography for this commentary -- Introduction sketch of the history of Psalms 51-100 -- Commentary
|
| 588 |
|
|
|a Description based on print version record.
|
| 630 |
0 |
0 |
|a Bible.
|p Psalms, LI-C
|v Commentaries.
|
| 650 |
|
7 |
|a RELIGION / Biblical Studies / Exegesis & Hermeneutics
|2 bisacsh
|
| 655 |
|
7 |
|a Ouvrages de reference.
|2 rvmgf
|
| 655 |
|
7 |
|a Reference works.
|2 lcgft
|
| 655 |
|
7 |
|a Commentaries.
|2 fast
|0 (OCoLC)fst01423723
|
| 655 |
|
7 |
|a Reference works.
|2 fast
|0 (OCoLC)fst01919963
|
| 655 |
|
7 |
|a Electronic books.
|2 local
|
| 700 |
1 |
|
|a Hossfeld, Frank-Lothar.
|
| 700 |
1 |
|
|a Zenger, Erich,
|d 1939-2010.
|
| 700 |
1 |
|
|a Maloney, Linda M.
|
| 700 |
1 |
|
|a Baltzer, Klaus,
|d 1928-
|
| 710 |
2 |
|
|a Project Muse.
|e distributor
|
| 830 |
|
0 |
|a Book collections on Project MUSE.
|
| 856 |
4 |
0 |
|z Texto completo
|u https://projectmuse.uam.elogim.com/book/45967/
|
| 945 |
|
|
|a Project MUSE - Custom Collection
|
| 945 |
|
|
|a Project MUSE - Hermeneia: A Critical and Historical Commentary on the Bible
|